La élite colonial de Costa Rica de cara a las instituciones de poder monárquico: 1600-1718 /

Se analiza el papel de la metodología prosopográfica en las nuevas tendencias historiográficas, surgidas de la crisis del paradigma de la Historia Social, experimentadas a fines del siglo XX. Se verifican los aportes de este nuevo enfoque para entender las dinámicas sociopolíticas de la élite políti...

Fuld beskrivelse

Guardado en:
Bibliografiske detaljer
Hovedforfatter: Madrigal Muñoz, Eduardo
Format: Texto
Fag:
Tags: Tilføj Tag
Ingen Tags, Vær først til at tagge denne postø!

MARC

LEADER 00000 a a2200000 04500
001 13747
003
040
100 |a Madrigal Muñoz, Eduardo  
245 |a La élite colonial de Costa Rica de cara a las instituciones de poder monárquico: 1600-1718 /  |c Eduardo Madrigal Muñoz 
520 |a Se analiza el papel de la metodología prosopográfica en las nuevas tendencias historiográficas, surgidas de la crisis del paradigma de la Historia Social, experimentadas a fines del siglo XX. Se verifican los aportes de este nuevo enfoque para entender las dinámicas sociopolíticas de la élite política costarricense del período colonial. Se derivan conclusiones acerca del funcionamiento del aparato político de la monarquía española y de su estilo de gobierno en la provincia de Costa Rica  
650 |a HISTORIA COLONIAL  
650 |a ELITE  
650 |a INSTITUCIONES  
650 |a RELACIONES DE PODER  
650 |a HISTORIA SOCIAL  
650 |a HISTORIOGRAFIA  
650 |a ANALISIS HISTORICO  
650 |a METODOS DE INVESTIGACION  
650 |a COSTA RICA  
773 |g volumen 86, número 2; páginas 157-179  
999 |c 29782  |d 29782